| 000 | 00601nam a22002177a 4500 | ||
|---|---|---|---|
| 003 | OSt | ||
| 005 | 20160531182113.0 | ||
| 008 | 160531b xxu||||| |||| 00| 0 eng d | ||
| 020 | _a1904627188 | ||
| 040 | _cDNLM | ||
| 082 | _aWB100 N487h 2004 | ||
| 100 |
_aNewson, Louise; Patel, Ash; Shah, Rupal _99174 |
||
| 245 | _aHot Topics for MRCGP and General Practitioners. | ||
| 250 | _a3rd ed. | ||
| 260 | _aCheshire; Pastest Ltd, 2004 | ||
| 300 | _axiii,410p; ill: 24cm | ||
| 504 | _aGlossary, & index included | ||
| 650 |
_aMedicine _9324 |
||
| 650 |
_aClinical Trial _99175 |
||
| 942 |
_2z _cO_SHELF |
||
| 999 |
_c4255 _d4255 |
||